000 00814cam a2200253 a 4500
001 C00212907c-6
003 CO-ViMGA
005 20230915233553.0
008 950607s1993 ck abo r 00010 spa d
020 _a9789586480185
040 _aCO-ViMGA
_bspa
_cCO-ViMGA
043 _as-ck---
082 0 4 _aFr398.861
_bM174
_219 ed.
100 1 _aMartín, Miguel Angel,
_d1932-
_911030
240 0 _aArauca-Bibliografía regional
245 1 0 _aDel folclor llanero /
_cMiguel Angel Martín.
250 _a2a. ed.
260 _aSantafé de Bogotá :
_bEcoe,
_c2007.
300 _a277 p. :
_bil., mapas, fot., ;
_c19 cm.
504 _aIncluye bibliografía.
650 1 4 _aCanciones folclóricas llaneras (Colombia)
_911032
650 1 4 _aFolclor
_z Llanos Orientales (Región, Colombia)
_911031
942 _2ddc
_cBK
999 _c36849
_d36849